000
00298nam a2200109 4500
008
180215b xxu||||| |||| 00| 0 eng d
245
_a
Type 1 diabetes tied to cancer risk.
260
_a
Philippines
_b
The Philippine Star
_c
c2016
300
_a
page C3.
650
0
_9
26561
_a
Diabetes.
942
_2
ddc
_c
PER
999
_c
8685
_d
8685